书目信息 |
| 题名: |
合育论
|
|
| 作者: | 洪明 著 | |
| 分册: | ||
| 出版信息: | 合肥 安徽教育出版社 2017 |
|
| 页数: | 266页 | |
| 开本: | 22cm | |
| 丛书名: | ||
| 单 册: | ||
| 中图分类: | G459 | |
| 科图分类: | ||
| 主题词: | 学校教育--合作--家庭教育--研究 | |
| 电子资源: | ||
| ISBN: | 978-7-5336-8441-9 | |
| 000 | 00813nam0 2200229 450 | |
| 001 | 1440 | |
| 005 | 20180522122619.86 | |
| 010 | @a978-7-5336-8441-9@dCNY38.00 | |
| 100 | @a20170905d2017 em y0chiy50 ea | |
| 101 | 0 | @achi |
| 102 | @aCN@b340000 | |
| 105 | @ak z 000yy | |
| 200 | 1 | @a合育论@9he yu lun@e学校家庭社会合作共育的理论与实践@f洪明著 |
| 210 | @a合肥@c安徽教育出版社@d2017 | |
| 215 | @a266页@d22cm | |
| 300 | @a中国青少年研究学术专著出版专项资助 | |
| 330 | @a本书共分为八章,内容包括:合育:教育发展的基本方向、合育:教育者的协同行为、家校合育的基本模式、校社合育的内涵与进展、社会教育供给与家庭有效利用、家校沟通论、家长教育论等。 | |
| 606 | 0 | @a学校教育@x合作@x家庭教育@x研究 |
| 690 | @aG459@v5 | |
| 701 | 0 | @a洪明@9hong ming@4著 |
| 801 | 0 | @aCN@b91MARC@c20170905 |
| 905 | @aMuseLib@dG459@e227 | |
| 合育论:学校家庭社会合作共育的理论与实践/洪明著.-合肥:安徽教育出版社,2017 |
| 266页;22cm |
| 中国青少年研究学术专著出版专项资助 |
| ISBN 978-7-5336-8441-9:CNY38.00 |
| 本书共分为八章,内容包括:合育:教育发展的基本方向、合育:教育者的协同行为、家校合育的基本模式、校社合育的内涵与进展、社会教育供给与家庭有效利用、家校沟通论、家长教育论等。 |
| ● |
| 相关链接 |
|
|
|
|
正题名:合育论
索取号:G459/227
 
预约/预借
| 序号 | 登录号 | 条形码 | 馆藏地/架位号 | 状态 | 备注 |
| 1 | 1104540 | 211045402 | 第一样本阅览室/ [索取号:G459/227] | 在馆 | |
| 2 | 1104541 | 211045411 | 教育系资料室/ [索取号:G459/227] | 在馆 | |
| 3 | 1104542 | 211045420 | 教育系资料室/ [索取号:G459/227] | 在馆 | |
| 4 | 1104543 | 211045439 | 教育系资料室/ [索取号:G459/227] | 在馆 | |
| 5 | 1104544 | 211045448 | 第四借阅区/ [索取号:G459/227] | 在馆 | |
| 6 | 1104545 | 211045457 | 第四借阅区/ [索取号:G459/227] | 在馆 |